Score 0/60 Timer 15:00
0 Plays Today
Hint Answer % Correct
Actor 2010Jim Parsons (The Big Bang Theory)
92.9%
Actor 2011Jim Parsons (The Big Bang Theory)
92.9%
Actor 2013Jim Parsons (The Big Bang Theory)
92.9%
Actor 2014Jim Parsons (The Big Bang Theory)
92.9%
Actress 2012Julia Louis-Dreyfus (Veep)
85.7%
Actress 2013Julia Louis-Dreyfus (Veep)
85.7%
Actress 2014Julia Louis-Dreyfus (Veep)
85.7%
Actress 2015Julia Louis-Dreyfus (Veep)
85.7%
Actress 2016Julia Louis-Dreyfus (Veep)
85.7%
Actress 2017Julia Louis-Dreyfus (Veep)
85.7%
Guest Actress 2016Tina Fey & Amy Poehler (Saturday Night Live)
85.7%
Supporting Actor 2017Alec Baldwin (Saturday Night Live)
85.7%
Supporting Actress 2016Kate McKinnon (Saturday Night Live)
78.6%
Supporting Actress 2017Kate McKinnon (Saturday Night Live)
78.6%
Supporting Actor 2014Ty Burrell (Modern Family)
71.4%
Supporting Actor 2015Tony Hale (Veep)
71.4%
Actor 2017Donald Glover (Atlanta)
71.4%
Actor 2018Bill Hader (Barry)
71.4%
Actor 2019Bill Hader (Barry)
71.4%
Supporting Actress 2011Julie Bowen (Modern Family)
71.4%
Supporting Actor 2011Ty Burrell (Modern Family)
71.4%
Supporting Actress 2012Julie Bowen (Modern Family)
71.4%
Supporting Actor 2013Tony Hale (Veep)
71.4%
Actress 2018Rachel Brosnahan (The Marvelous Mrs. Maisel)
64.3%
Actress 2019Phoebe Waller-Bridge (Fleabag)
64.3%
Supporting Actress 2018Alex Borstein (The Marvelous Mrs. Maisel)
64.3%
Supporting Actor 2018Henry Winkler (Barry)
64.3%
Supporting Actor 2019Tony Shalhoub (The Marvelous Mrs. Maisel)
64.3%
Supporting Actor 2010Eric Stonestreet (Modern Family)
64.3%
Supporting Actor 2012Eric Stonestreet (Modern Family)
64.3%
Hint Answer % Correct
Guest Actor 2013Bob Newhart (The Big Bang Theory)
64.3%
Supporting Actress 2019Alex Borstein (The Marvelous Mrs. Maisel)
64.3%
Actress 2011Melissa McCarthy (Mike & Molly)
57.1%
Actor 2015Jeffrey Tambor (Transparent)
57.1%
Actor 2016Jeffrey Tambor (Transparent)
57.1%
Guest Actress 2017Melissa McCarthy (Saturday Night Live)
57.1%
Guest Actor 2018Katt Williams (Atlanta)
57.1%
Guest Actress 2019Jane Lynch (The Marvelous Mrs. Maisel)
57.1%
Supporting Actress 2010Jane Lynch (Glee)
57.1%
Actress 2010Edie Falco (Nurse Jackie)
50%
Actor 2012Jon Cryer (Two and a Half Men)
50%
Supporting Actress 2014Allison Janney (Mom)
50%
Supporting Actress 2015Allison Janney (Mom)
50%
Guest Actor 2011Justin Timberlake (Saturday Night Live)
50%
Guest Actress 2010Betty White (Saturday Night Live)
50%
Guest Actor 2010Neil Patrick Harris (Glee)
50%
Guest Actress 2014Uzo Aduba (Orange is the New Black)
42.9%
Supporting Actor 2016Louie Anderson (Baskets)
42.9%
Supporting Actress 2013Merritt Wever (Nurse Jackie)
42.9%
Guest Actor 2014Jimmy Fallon (Saturday Night Live)
35.7%
Guest Actor 2012Jimmy Fallon (Saturday Night Live)
35.7%
Guest Actor 2019Luke Kirby (The Marvelous Mrs. Maisel)
28.6%
Guest Actress 2011Gwyneth Paltrow (Glee)
28.6%
Guest Actress 2018Tiffany Haddish (Saturday Night Live)
21.4%
Guest Actor 2015Bradley Whitford (Transparent)
21.4%
Guest Actress 2015Joan Cusack (Shameless)
21.4%
Guest Actress 2012Kathy Bates (Two and a Half Men)
21.4%
Guest Actor 2016Peter Scolari (Girls)
14.3%
Guest Actor 2017Dave Chappelle (Saturday Night Live)
14.3%
Guest Actress 2013Melissa Leo (Louie)
14.3%
Remove Ads.
Support Sporcle.
Get the best of Sporcle when you Go Orange. This ad-free experience offers more features, more stats, and more fun while also helping to support Sporcle. Thank you for becoming a member.

You're not logged in!

Compare scores with friends on all Sporcle quizzes.
OR
Log In

Sporcle TV

Today on Sporcle TV


Watch our educational content, quiz creation guides, and fun videos on Sporcle TV.

Show Comments

Extras

Created May 18, 2020ReportNominate
Tags:Emmy Quiz, 2010, Comedy, Winner

Top Quizzes Today


Score Distribution

Paid Content

Your Account Isn't Verified!

In order to create a playlist on Sporcle, you need to verify the email address you used during registration. Go to your Sporcle Settings to finish the process.

Report this User

Report this user for behavior that violates our Community Guidelines.

Details: